• 首页
  • 本馆介绍
  • 公告通知
  • 最新文献
  • 馆藏检索
  • 电子资源
  • 读者导购
  • 参考咨询
  • 我的图书馆
  • 登录
  • 详细信息显示
  • 放入我的书架
  • 预约/预借图书
  • 作者相关作品
  • 分类相关作品
  • 丛书相关作品
  • 出版社相关作品

书目信息

  • 表格格式
  • 工作单格式
  • 卡片格式
题名:
对碰与对话
    
 
作者: 陆新之 主编
分册:  
出版信息: 成都   西南财经大学出版社  2016
页数: 231页
开本: 20cm
丛书名:
单 册:
中图分类: K825.38 , K825.38=76
科图分类:
主题词: 企业家--qi ye jia--访问记--中国--现代
电子资源:
ISBN: 978-7-5504-2165-3
000 00875nam0 22002531 450
001 0127144059
005 20170427144059.0
010    @a978-7-5504-2165-3@dCNY30.00
100    @a20160121d2016 em y0chiy50 ea
101 0  @achi
102    @aCN@b510000
105    @aa z 000yd
106    @ar
200 1  @a对碰与对话@Adui peng yu dui hua@f陆新之主编
210    @a成都@c西南财经大学出版社@d2016
215    @a231页@c照片@d20cm
300    @a常读·人物志
330    @a本书收录了与曹德旺、马云、柳传志、周鸿祎、任志强、冯仑、邢明、王小川等财经界名人的对话访谈,让读者能了解到他们的故事,了解这些人如何改变了大家的生活、工作、休闲娱乐的方方面面。
606 0  @a企业家@Aqi ye jia@x访问记@y中国@z现代
690    @aK825.38@v5
690    @aK825.38=76@v5
701  0 @a陆新之@Alu xin zhi@f(1972~)@4主编
801  0 @aCN@bTANGWEI@c20170308
905    @b0966621-3@dK825.38@e909@f3
    
    对碰与对话/陆新之主编.-成都:西南财经大学出版社,2016
    231页:照片;20cm
    常读·人物志
    
    ISBN 978-7-5504-2165-3:CNY30.00
    本书收录了与曹德旺、马云、柳传志、周鸿祎、任志强、冯仑、邢明、王小川等财经界名人的对话访谈,让读者能了解到他们的故事,了解这些人如何改变了大家的生活、工作、休闲娱乐的方方面面。
●
相关链接 在E读中查询图书 在五车中查询图书 在当当中查询图书 在豆瓣中查询图书


正题名:对碰与对话     索取号:K825.38/909         预约/预借

序号 登录号 条形码 馆藏地/架位号 状态 备注
1 0966621   209666217   第二样本阅览室/ [索取号:K825.38/909] 在馆    
2 0966622   209666226   第二借阅区/ [索取号:K825.38/909] 在馆    
3 0966623   209666235   第二借阅区/ [索取号:K825.38/909] 在馆    
唐山师范学院图书馆 欢迎您!
大连网信软件有限公司© 版权所有